Normal view
MARC view
- Majid, K. I
Entry Personal Name
001 - CONTROL NUMBER
- control field: 42329
003 - CONTROL NUMBER IDENTIFIER
- control field: NUST
005 - DATE AND TIME OF LATEST TRANSACTION
- control field: 20210314132257.0
008 - FIXED-LENGTH DATA ELEMENTS
- fixed length control field: 210314|| aca||aabn | a|a d
040 ## - CATALOGING SOURCE
- Original cataloging agency: NUST
- Transcribing agency: NUST
100 ## - HEADING--PERSONAL NAME
- Personal name: Majid, K. I
670 ## - SOURCE DATA FOUND
- Source citation: Work cat.: (NUST): Majid, K. I., Theory of structures with matrix notation /, 1978.
